all time first division/premier league table - Statistics

General Stats
  • This quiz has been taken 12 times
  • The average score is 13 of 20
Answer Stats
Hint Answer % Correct
3 Everton FC
100%
1 Liverpool FC
100%
4 Manchester United
100%
2 Arsenal FC
90%
5 Aston Villa
90%
6 Manchester City
80%
12 Blackburn Rovers
60%
8 Chelsea FC
60%
19 Leeds United
60%
10 Sunderland AFC
60%
18 West Ham United
60%
13 Bolton Wanderers
50%
16 Derby County
50%
9 Newcastle United
50%
14 Sheffield Wednesday
50%
7 Tottenham Hotspur
50%
15 Wolverhampton Wanderers
50%
20 Burnley FC
40%
11 West Bromwich Albion
40%
17 Sheffield United
30%
No matching quizzes found
Score Distribution
Percent of People with Each Score
Percentile by Number Answered
Your Score History
You have not taken this quiz